01134 a2200169 45000010006000000050017000060080041000230030015000640400040000790800067001192450224001862640033004103000025004435050316004681000024007848560156008082236920260407155514.0260407a1979 arg spa dAR-UNSa-BCEJYS aAR-UNSa-BCEJYSbspacAR-UNSa-BCEJYS a658.16xReorganización financiera (Proyectos de inversión)10aPreparación técnica, evaluación económica y presentación de proyectospel proyecto y la economía , el análisis de la demanda, ubicación y tamaño de planta, el cálculo de los costos y la evaluación. 1aBuenos Aires :bAstreac1979 axxiv, 506 p.c22 cm. a1. Antecedentes y nociones de economía - 2. Estudio del mercado - 3. Ingeniería del proyecto - 4. Localización del proyecto - 5. Preparación y procesamiento de la información para la evaluación y selección de proyectos - 6. Evaluación y selección de proyectos - 7. Presentación del proyecto.1 aMunier, Nolberto J.41uhttps://biblioeco.unsa.edu.ar/pmb/images/libros/Preparaci?n T?cnica Evaluaci?n Econ?mica y Presentaci?n de Proyectos.jpgyImagen de portadaqimage/jpeg